00664nam a2200205 450000500170000000800410001702000220005804100120008008200330009210000190012524500390014425000200018326000370020330000320024036500220027250000140029452101180030865000160042665100160044220260312140440.0260312b |||||||| |||| 00| 0 eng d a978-93-5696-855-4 aEnglish 29th ed.aOG 618.1 KON B12472 aKonar, Hiralal aDC Dutta's Textbook of Gynecology  a9th ed. /RP2025 aNew DelhibJaypee Brothersc2024 axxviii,660p.bPbc26.5x21cm aRupayeb1350cINR aMidwifery aDC Dutta's Textbook of Gynecology Videos, Animations, Case presentations MCQ and high yield topics for NEET/NEXT aGynecology  aGynecology